| 000 | 01299cam a2200325 a 4500 | ||
|---|---|---|---|
| 999 |
_c23471 _d23471 |
||
| 001 | 2597381 | ||
| 003 | OSt | ||
| 005 | 20170126114031.0 | ||
| 008 | 970409s1998 nyua b 001 0 eng | ||
| 010 | _a 97016471 | ||
| 020 | _a0374232091 (cloth : alk. paper) | ||
| 040 |
_aDLC _cDLC _dDLC |
||
| 043 | _ae-fr--- | ||
| 050 | 0 | 0 | _aN6853.P5K73 1998 |
| 082 | 0 | 0 |
_a759.4 _221 |
| 100 | 1 |
_aKrauss, Rosalind E. _d1998 |
|
| 245 | 1 | 4 |
_aThe Picasso papers / _cRosalind E. Krauss. |
| 250 | _a1st ed. | ||
| 260 |
_aNew York : _bFarrar, Straus and Giroux, _c1998. |
||
| 300 |
_axvi, 272 p. : _bill. ; _c22 cm. |
||
| 500 | _aIncludes bibliographical references and index. | ||
| 600 | 1 | 0 |
_aPicasso, Pablo, _d1881-1973 _xCriticism and interpretation. |
| 650 | 0 |
_aModernism (Art) _zFrance. |
|
| 906 |
_a7 _bcbc _corignew _d1 _eocip _f19 _gy-gencatlg |
||
| 942 |
_2lcc _cBOOKS _hN6853.P5K73 1998 _k30524 |
||